[Event "Treviso op-A 4th"]
[Site "Treviso"]
[Date "2023.04.01"]
[Round "2"]
[White "Zamengo, Bruno"]
[Black "Pillon, Giovanni Pietro"]
[Result "1/2-1/2"]
[WhiteElo "1865"]
[BlackElo "1787"]
[PlyCount "106"]
[EventDate "2023.03.31"]
[EventType "swiss"]
[EventRounds "5"]
[EventCountry "ITA"]
[SourceTitle "EXT 2024"]
[Source "ChessBase"]
[SourceDate "2023.10.10"]
[SourceVersion "1"]
[SourceVersionDate "2023.10.10"]
[SourceQuality "1"]

1. e4 e5 2. Nf3 Nc6 3. Bb5 Nf6 4. 0-0 Nxe4 5. d4 Be7 6. Re1 Nd6 7. Bxc6 dxc6 8. dxe5 Nf5 9. Qxd8+ Bxd8 10. Nc3 Be6 11. Bf4 Be7 12. a3 h6 13. Rad1 0-0 14. Re2 Rfd8 15. Red2 b6 16. h3 Rxd2 17. Rxd2 Rd8 18. Kf1 Rxd2 19. Bxd2 Kf8 20. Ke1 Ke8 21. Bf4 Kd7 22. Kd2 Bd5 23. Nxd5 cxd5 24. Be3 Nxe3 25. Kxe3 Bc5+ 26. Ke2 Ke6 27. g4 a5 28. a4 c6 29. Ke1 b5 30. axb5 cxb5 31. Ke2 a4 32. c3 g5 33. Ke1 b4 34. cxb4 Bxb4+ 35. Ke2 Bc5 36. Ke1 Ba7 37. Ke2 Bb6 38. Ke1 Bc7 39. Nd4+ Kxe5 40. Nb5 Bd6 41. Ke2 d4 42. Kd3 Bc5 43. Nc7 Kf4 44. Nd5+ Kf3 45. Nf6 Bf8 46. Nd7 a3 47. bxa3 Bxa3 48. Ne5+ Kxf2 49. Nxf7 Bf8 50. Kxd4 Kg3 51. Ke4 Kxh3 52. Kf5 h5 53. Nxg5+ Kh4 1/2-1/2

[Event "Udine Oro Caffe op 3rd"]
[Site "Udine"]
[Date "2010.07.10"]
[Round "6"]
[White "Pillon, Giovanni Pietro"]
[Black "Fantini, Marco"]
[Result "1/2-1/2"]
[WhiteElo "1921"]
[BlackElo "1954"]
[PlyCount "97"]
[EventDate "2010.07.05"]
[EventType "swiss"]
[EventRounds "7"]
[EventCountry "ITA"]
[SourceTitle "EXT 2024"]
[Source "ChessBase"]
[SourceDate "2023.10.10"]
[SourceVersion "1"]
[SourceVersionDate "2023.10.10"]
[SourceQuality "1"]

1. d4 d5 2. c4 e5 3. dxe5 d4 4. Nf3 c5 5. e3 Nc6 6. exd4 cxd4 7. a3 Nge7 8. b4 Bg4 9. Be2 d3 10. Qxd3 Qxd3 11. Bxd3 Bxf3 12. gxf3 Nxe5 13. Be2 0-0-0 14. Bb2 N7c6 15. Nd2 Be7 16. 0-0-0 Bg5 17. Kc2 f5 18. Nb3 Rde8 19. Rhg1 Bh6 20. b5 Nb8 21. f4 Ng6 22. Bd3 Rhf8 23. h4 Rf7 24. Nd4 Nxh4 25. Rh1 g5 26. fxg5 Bxg5 27. Rdg1 Bd8 28. Rg3 f4 29. Rgh3 Ng2 30. Rxh7 Rxh7 31. Bxh7 Nd7 32. Bf5 Nh4 33. Bg4 Ng6 34. Rh7 Ngf8 35. Rf7 Kc7 36. c5 Be7 37. Ne6+ Nxe6 38. Bxe6 Nxc5 39. Bc4 Kd6 40. Rxf4 Bg5 41. Rf5 Be7 42. Bc3 b6 43. Be5+ Kd7 44. Bd5 Rc8 45. Bc6+ Ke6 46. Rh5 Nd7 47. Bg3 Bxa3 48. Rh6+ Nf6 49. Bh4 1/2-1/2

[Event "Udine Oro Caffe op 3rd"]
[Site "Udine"]
[Date "2010.07.09"]
[Round "5"]
[White "Procacci, Sergio"]
[Black "Pillon, Giovanni Pietro"]
[Result "1-0"]
[WhiteElo "2043"]
[BlackElo "1921"]
[PlyCount "96"]
[EventDate "2010.07.05"]
[EventType "swiss"]
[EventRounds "7"]
[EventCountry "ITA"]
[SourceTitle "EXT 2024"]
[Source "ChessBase"]
[SourceDate "2023.10.10"]
[SourceVersion "1"]
[SourceVersionDate "2023.10.10"]
[SourceQuality "1"]

1. e4 e5 2. d4 exd4 3. c3 d5 4. Qxd4 dxe4 5. Qxe4+ Qe7 6. Bd3 Nf6 7. Qe2 Qxe2+ 8. Nxe2 Bd6 9. Bg5 Nd5 10. Nd2 h6 11. Bh4 Be6 12. Bg3 Bxg3 13. hxg3 Nc6 14. Bb5 Nde7 15. Nf4 Bd7 16. Nh5 0-0 17. 0-0-0 Rad8 18. Nf3 Bg4 19. Nf4 Rxd1+ 20. Rxd1 Rd8 21. Re1 Kf8 22. Nd2 Bf5 23. f3 a6 24. Ba4 b5 25. Bc2 b4 26. Bxf5 bxc3 27. bxc3 Nxf5 28. g4 Nd6 29. Kc2 Na5 30. Rd1 Nb5 31. c4 Nd4+ 32. Kc3 c6 33. Re1 c5 34. Nd5 Nac6 35. Ne4 Ne6 36. f4 Nb4 37. f5 Nxd5+ 38. cxd5 Nf4 39. d6 Nxg2 40. Rg1 Nh4 41. Kc4 Nf3 42. Rg3 Nd2+ 43. Nxd2 Rxd6 44. Nb3 Ke7 45. Nxc5 Rd2 46. Re3+ Kd8 47. Rd3+ Rxd3 48. Kxd3 g6 1-0

[Event "Udine Oro Caffe op 3rd"]
[Site "Udine"]
[Date "2010.07.07"]
[Round "3"]
[White "Pillon, Giovanni Pietro"]
[Black "De Monte, David"]
[Result "1-0"]
[WhiteElo "1921"]
[BlackElo "1650"]
[PlyCount "55"]
[EventDate "2010.07.05"]
[EventType "swiss"]
[EventRounds "7"]
[EventCountry "ITA"]
[SourceTitle "EXT 2024"]
[Source "ChessBase"]
[SourceDate "2023.10.10"]
[SourceVersion "1"]
[SourceVersionDate "2023.10.10"]
[SourceQuality "1"]

1. d4 Nf6 2. c4 g6 3. Nc3 Bg7 4. g3 d6 5. Bg2 0-0 6. e4 c5 7. d5 e6 8. dxe6 Bxe6 9. e5 Re8 10. exf6 Bd5+ 11. Kf1 Bxg2+ 12. Kxg2 Bxf6 13. Nf3 Nc6 14. Nd5 Bg7 15. Bg5 f6 16. Bf4 g5 17. Bd2 Re4 18. b3 g4 19. Nh4 f5 20. Nxf5 Bxa1 21. Qxa1 Re5 22. Nh6+ Kf8 23. Nxg4 Rb8 24. Nxe5 Nxe5 25. Bf4 Ng6 26. Re1 Qd7 27. Qf6+ Kg8 28. Qxg6+ 1-0

[Event "Udine Oro Caffe op 2nd"]
[Site "Udine"]
[Date "2009.07.10"]
[Round "5"]
[White "Fermo, Ruggero"]
[Black "Pillon, Giovanni Pietro"]
[Result "0-1"]
[WhiteElo "1765"]
[BlackElo "1500"]
[PlyCount "94"]
[EventDate "2009.07.06"]
[EventType "swiss"]
[EventRounds "7"]
[EventCountry "ITA"]
[SourceTitle "EXT 2011"]
[Source "ChessBase"]
[SourceDate "2010.11.26"]
[SourceVersion "1"]
[SourceVersionDate "2010.11.26"]
[SourceQuality "1"]

1. e4 e5 2. Nf3 Nc6 3. Bc4 Bc5 4. c3 Nf6 5. d4 exd4 6. 0-0 Nxe4 7. cxd4 Be7 8. d5 Nb8 9. Qe2 Nf6 10. Re1 d6 11. Bg5 Bg4 12. Nbd2 Nbd7 13. h3 Bh5 14. g4 Bg6 15. Nh4 Ne5 16. f4 Nxc4 17. Qxc4 h6 18. Nxg6 fxg6 19. Bxf6 gxf6 20. Qe4 c6 21. Qxg6+ Kd7 22. Qf5+ Kc7 23. Re6 Qd7 24. Nf3 Rae8 25. Rc1 Bd8 26. Nd4 Rxe6 27. dxe6 Qh7 28. Qd5 Kb8 29. Qb3 Bb6 30. Qe3 f5 31. Kg2 fxg4 32. hxg4 Qg7 33. Nxc6+ bxc6 34. Qe2 Kb7 35. Rc2 Rg8 36. Kh3 Qf6 37. Qe4 d5 38. Qh7+ Rg7 39. Qf5 Qxf5 40. gxf5 Bd8 41. b3 Kc7 42. b4 Kd6 43. Re2 Bf6 44. Rc2 h5 45. a4 a6 46. Ra2 Rg4 47. Rf2 Ke7 0-1